Das Judentum Quiz - Statistiken

Allgemein
  • Dieses Quiz wurde 61 mal gespielt
    51 seit der letzten Aktualisierung
  • Das Durchschnittsergebnis liegt bei 7 aus 15
Antwortstatistiken
Frage Antwort % Korrekt
Was ist Antisemitismus? Hass gegen Juden
95%
Was darf nicht mit Mich zubereitet werden? Fleisch
84%
Welches der folgenden Tiere gilt nach dem Kaschrut-Gesetzen als koscher? Rind
66%
Wie viele JUDEN wurden laut Video von den Nazis getötet? 6 Millionen
57%
In welcher Sprache wird das Kaddisch gesprochen? Hebräisch
52%
Was betont Paulus im Römerbrief (11, 16-24) laut Textauszug? Die Wurzel trägt den Zweig
45%
Tallit
43%
Was ist das Kaddisch Gebet primär? Ein Lobpreis auf Gott
43%
Warum wurde im Mittelalter behauptet Juden hätten Jesus umgebracht? Um das Christentum als vorherrschende Religion zu schützen
43%
Begriff, der in der Zeit des Nationalsozialismus die staatlich organisierte Verfolgung und Vernichtung der europäischen Juden bezeichnete: Schoah
39%
Was ist das Gegenteil von Koscher? Trefe
34%
Wie nennt man die kleinen Lederkästchen mit Schriftrollen, die gläubige Juden beim Morgengebet an Stirn und Arm tragen? Tefillin
32%
Was wird im Video als ,,Das Gerücht über die Juden'' bezeichnet? Die Behauptung Juden hätten Jesus getötet
25%
Was stellt das Bild beim Konflikt beim ,,Streit um die Tora'' da? Negative Darstellung Tora treuer Juden und Positiver Darstellung von Heiden
25%
Welcher Gegenstand wird Traditionell an den Türpfosten Jüdische Häuser angebracht und enthält eine Schriftrolle? Mesusa
18%
Keine übereinstimmenden Quizze gefunden
Verteilung der Resultate
Anzahl Personen mit jedem Resultat
Perzentil nach korrekt beantworteten Fragen
Ihre Resultats-Entwicklung
Sie haben dieses Quiz seit der letzten Aktualisierung nicht gespielt